Základy výživy a hnojení zeleniny a ovocných kultur /

Hlavní autor: Hlušek, Jaroslav, 1950-
Jazyk: Čeština
Vydáno: Praha : Institut výchovy a vzdělávání Ministerstva zemědělství ČR, 1996
Vydání: Vyd. 1.
Edice: Rostlinná výroba (Institut výchovy a vzdělávání Ministerstva zemědělství ČR)
Témata:
Externí odkaz: Digitalizovaný dokument
Fyzický popis: 48 s. : il. ; 21 cm
Knihy
Uloženo v:
LEADER 01596nam a2200397 a 4500
001 000068115
003 CZ BrMZK
005 20230904114652.0
008 950313s1996 xr f f cze d
015 |a cnb000147438 
020 |a 80-7105-111-X 
040 |a BOA001  |b cze 
072 7 |a 631  |x Zemědělství. Pedologie. Agrotechnika. Agroekologie  |2 Konspekt  |9 24 
080 |a 631.811  |2 MRF 
080 |a 631.8  |2 MRF 
080 |a 635.1/.8  |2 MRF 
080 |a 634.1/.8  |2 MRF 
080 |a (036)  |2 MRF 
100 1 |a Hlušek, Jaroslav,  |d 1950-  |7 mzk2004246533  |4 aut 
245 1 0 |a Základy výživy a hnojení zeleniny a ovocných kultur /  |c Jaroslav Hlušek 
250 |a Vyd. 1. 
260 |a Praha :  |b Institut výchovy a vzdělávání Ministerstva zemědělství ČR,  |c 1996 
300 |a 48 s. :  |b il. ;  |c 21 cm 
490 1 |a Rostlinná výroba (zelená ř.) 
500 |a Dostupné též v digitální podobě v aplikaci Kramerius 
504 |a Obsahuje bibliografii 
650 0 7 |a výživa rostlin  |7 ph127488  |2 czenas 
650 0 7 |a hnojení  |7 ph120767  |2 czenas 
650 0 7 |a zelenina  |7 ph116750  |2 czenas 
650 0 7 |a ovocné rostliny  |7 ph184841  |2 czenas 
655 7 |a informační publikace  |7 fd132454  |2 czenas 
830 0 |a Rostlinná výroba (Institut výchovy a vzdělávání Ministerstva zemědělství ČR) 
856 4 1 |u http://www.digitalniknihovna.cz/mzk/uuid/uuid:8b1fdf20-e5d4-11e9-9b82-005056827e52  |y Digitalizovaný dokument  |x NDK 
910 |a BOA001  |b X-1020.393 
990 |a BK 
996 6 |b 2610036263  |c X-1020.393  |l MZK  |r Sklad / do 24 hodin  |n 35  |p p.v.  |w 000068115  |u 000010  |a 1  |e BOA001  |j MZK50  |s P